000 00982nac a22002777a 4500
001 BR8802660
003 BR-BrBNA
005 20240105120805.0
008 230509b bl.|||m| |||| 00| 0 por d
040 _aBR-BrBNA
_bpor
_cBiblioteca Nacional de Agricultura
072 _aK10
090 _aK10 BR8802660
100 1 _aCampos, C.H.O.
100 1 _aGraca, L.R.
110 1 _aCentro Nacional de Pesquisa de Florestas, Curitiba, PR (Brasil)
_91765
245 1 _aAnalise preliminar da exploracao florestal no Centro-sul do Brasil
246 1 _a[Preliminary annalysis of forest production at the center-south of Brazil]
260 3 _aCuritiba, PR (Brasil):
_c1987.
300 _a9 p.
490 _aCircular Tecnica - Centro Nacional de Pesquisa de Florestas (Brazil)
_vno. 13
_xISSN 0101-1847
500 _aSummary (Pt); 5 ref.
650 _aEXPLORACAO FLORESTAL
650 _aREGIAO CENTRO-SUL
909 _a202312
_bLúcia Elande
_c55
_dLúcia Elande
942 _2AGRIS
_n0
_cMS
999 _c281419
_d281419